Dos perdidos en una noche sucia

Na minha lista:
Detalhes bibliográficos
Autor principal: Marcos, Plinio
Formato: Livro
Idioma:Undetermined
Publicado em: Caracas, Venezuela Centro de estudios brasileños de la Embajada de Brasil 1994
Assuntos:
Tags: Adicionar Tag
Sem tags, seja o primeiro a adicionar uma tag!

MARC

LEADER 00000nam a2200000Ia 4500
008 170316s9999 xx 000 0 und d
040 |a cru BVZT 
090 |a 869 M-2d 
100 |a Marcos, Plinio 
245 |a Dos perdidos en una noche sucia 
260 |a Caracas, Venezuela 
260 |b Centro de estudios brasileños de la Embajada de Brasil 
260 |c 1994 
300 |a 87 páginas 
650 |a LITERATURA BRASILEÑA 
999 |c 11706  |d 11706 
942 |c 15 D  |h 869 M-2d  |2 z